[Event "POL-chT 2nd League"]
[Site "Wysowa"]
[Date "2007.09.10"]
[Round "8"]
[White "Shkapenko, Pavel"]
[Black "Caba, Tomasz"]
[Result "1-0"]
[WhiteElo "2402"]
[BlackElo "2244"]
[PlyCount "86"]
[EventDate "2007.09.03"]
[EventType "team-swiss"]
[EventRounds "9"]
[EventCountry "POL"]
[SourceTitle "EXT 2010"]
[Source "ChessBase"]
[SourceDate "2010.11.25"]
[SourceVersion "1"]
[SourceVersionDate "2010.11.25"]
[SourceQuality "1"]
[WhiteTeam "Pultusk Nadnarwianka"]
[BlackTeam "Myslenice MLKSz"]
[WhiteTeamCountry "POL"]
[BlackTeamCountry "POL"]

1. e4 c5 2. Nf3 Nc6 3. d4 cxd4 4. Nxd4 g6 5. c4 Nf6 6. Nc3 d6 7. Be2 Bg7 8. Be3 0-0 9. 0-0 Bd7 10. Qd2 Nxd4 11. Bxd4 Bc6 12. Bd3 e5 13. Be3 Ng4 14. Bg5 f6 15. Bh4 Qd7 16. f3 Nh6 17. Rfd1 Nf7 18. Bf1 Qe6 19. Nd5 Rac8 20. b4 b6 21. a4 g5 22. Bf2 g4 23. fxg4 Bxd5 24. Qxd5 Qxg4 25. a5 Kh8 26. axb6 axb6 27. Bxb6 Ng5 28. Qxd6 Nxe4 29. Qd3 f5 30. Qf3 Qg6 31. Bf2 Ng5 32. Qb3 e4 33. Ra7 Rfd8 34. Rdd7 Rxd7 35. Rxd7 f4 36. Kh1 e3 37. Be1 Ne4 38. Qd1 Qe8 39. Qg4 Bb2 40. Re7 Qxe7 41. Qxc8+ Kg7 42. Qg4+ Qg5 43. Qxg5+ Nxg5 1-0

[Event "POL-chT 2nd League"]
[Site "Wysowa"]
[Date "2007.09.09"]
[Round "7"]
[White "Caba, Tomasz"]
[Black "Rudolf, Michal"]
[Result "0-1"]
[WhiteElo "2244"]
[BlackElo "2419"]
[PlyCount "68"]
[EventDate "2007.09.03"]
[EventType "team-swiss"]
[EventRounds "9"]
[EventCountry "POL"]
[SourceTitle "EXT 2010"]
[Source "ChessBase"]
[SourceDate "2010.11.25"]
[SourceVersion "1"]
[SourceVersionDate "2010.11.25"]
[SourceQuality "1"]
[WhiteTeam "Myslenice MLKSz"]
[BlackTeam "Warszawa YMCA"]
[WhiteTeamCountry "POL"]
[BlackTeamCountry "POL"]

1. e4 Nf6 2. Nc3 e5 3. Bc4 Nc6 4. d3 Na5 5. Nge2 c6 6. a4 Nxc4 7. dxc4 Be7 8. 0-0 0-0 9. Qd3 d6 10. Bg5 Be6 11. b3 h6 12. Bxf6 Bxf6 13. Rad1 Be7 14. f4 exf4 15. Nxf4 Qa5 16. Nce2 Rad8 17. Nd4 Bg4 18. Rde1 Bf6 19. Kh1 Rde8 20. h3 Bc8 21. Re2 Qe5 22. c3 a6 23. Qg3 Qg5 24. Qd3 Re7 25. Re3 Rfe8 26. Nde2 Qe5 27. Qd1 Bg5 28. Qe1 d5 29. cxd5 cxd5 30. h4 Bf6 31. Nxd5 Qxd5 32. Rxf6 Rxe4 33. Rxe4 Qxe4 34. Rf2 Bg4 0-1

[Event "Zlota Wieza op 49th"]
[Site "Gniezno"]
[Date "2007.05.21"]
[Round "3"]
[White "Caba, Tomasz"]
[Black "Laszewicz, Pawel"]
[Result "1/2-1/2"]
[WhiteElo "2278"]
[BlackElo "2211"]
[PlyCount "128"]
[EventDate "2007.05.20"]
[EventType "swiss"]
[EventRounds "9"]
[EventCountry "POL"]
[SourceTitle "EXT 2011"]
[Source "ChessBase"]
[SourceDate "2010.11.26"]
[SourceVersion "1"]
[SourceVersionDate "2010.11.26"]
[SourceQuality "1"]

1. e4 c5 2. Nf3 Nc6 3. d4 cxd4 4. Nxd4 Qb6 5. Nb3 Nf6 6. Nc3 e6 7. Bd3 a6 8. 0-0 Be7 9. Kh1 Qc7 10. f4 d6 11. a3 b5 12. Qe1 0-0 13. Bd2 Bb7 14. Qg3 e5 15. Nd5 Nxd5 16. exd5 Nd4 17. fxe5 Nxb3 18. Bh6 g6 19. cxb3 Bxd5 20. Bxf8 Rxf8 21. Rac1 Qb6 22. Rfe1 dxe5 23. Qxe5 Be6 24. Qc7 Qxc7 25. Rxc7 Bf6 26. Ra7 Rd8 27. Bf1 Rd6 28. a4 Bxb3 29. axb5 axb5 30. Rb7 Rd2 31. Rxb5 Rxb2 32. Re3 Be6 33. Rxb2 Bxb2 34. Re4 Kg7 35. Bc4 Bxc4 36. Rxc4 h5 37. Rc7 Be5 38. Rb7 Bd6 39. Kg1 Bc5+ 40. Kf1 Bd6 41. h3 Kf6 42. Ke2 Ke6 43. Kf3 Be5 44. Ke4 f5+ 45. Kf3 h4 46. Rb6+ Kf7 47. Ke3 Bg3 48. Ra6 Be5 49. Kd3 g5 50. Kc4 g4 51. Kd5 gxh3 52. gxh3 Bg3 53. Rh6 Kg7 54. Ra6 Kf7 55. Rc6 Bh2 56. Kd4 Bg3 57. Ke3 Kg7 58. Kf3 Kf7 59. Ke3 Kg7 60. Kd4 Kf7 61. Kd5 Bh2 62. Ra6 Bg3 63. Ra7+ Kf6 64. Ra8 Kf7 1/2-1/2

[Event "Zlota Wieza op 49th"]
[Site "Gniezno"]
[Date "2007.05.20"]
[Round "1"]
[White "Obiedzinski, Pawel"]
[Black "Caba, Tomasz"]
[Result "0-1"]
[WhiteElo "1982"]
[BlackElo "2278"]
[PlyCount "87"]
[EventDate "2007.05.20"]
[EventType "swiss"]
[EventRounds "9"]
[EventCountry "POL"]
[SourceTitle "EXT 2011"]
[Source "ChessBase"]
[SourceDate "2010.11.26"]
[SourceVersion "1"]
[SourceVersionDate "2010.11.26"]
[SourceQuality "1"]

1. d4 Nf6 2. Bg5 c5 3. e3 Ne4 4. Bf4 Qb6 5. Nd2 Nxd2 6. Qxd2 Qxb2 7. Rd1 cxd4 8. exd4 e6 9. c3 Qxd2+ 10. Kxd2 b6 11. Nf3 Bb7 12. Bd3 Be7 13. a4 Bxf3 14. gxf3 Nc6 15. d5 exd5 16. Ba6 0-0 17. Kc1 d4 18. cxd4 Na5 19. Rhg1 Rfe8 20. Bb5 Bf6 21. Bxd7 Re7 22. Bb5 Nb3+ 23. Kb1 Nxd4 24. Bg5 Bxg5 25. Rxg5 Nxf3 26. Rg3 Nh4 27. Rgd3 g6 28. Rd7 Nf5 29. Kb2 a6 30. Rd8+ Rxd8 31. Rxd8+ Kg7 32. Bxa6 Re4 33. Bb5 Rf4 34. Rd2 Nd4 35. Bd7 Nf3 36. Rd6 Ne5 37. Bb5 Rxa4 38. Rxb6 Rf4 39. h3 Rxf2+ 40. Kc1 Rh2 41. Be8 Rxh3 42. Rb7 Rd3 43. Re7 Kf6 44. Ra7 0-1

[Event "Malopolskie Bezirk-ch"]
[Site "Krakow"]
[Date "2007.05.05"]
[Round "8"]
[White "Dudzinski, Pawel"]
[Black "Caba, Tomasz"]
[Result "1/2-1/2"]
[WhiteElo "2208"]
[BlackElo "2278"]
[PlyCount "80"]
[EventDate "2007.04.29"]
[EventType "swiss"]
[EventRounds "9"]
[EventCountry "POL"]
[SourceTitle "EXT 2011"]
[Source "ChessBase"]
[SourceDate "2010.11.26"]
[SourceVersion "1"]
[SourceVersionDate "2010.11.26"]
[SourceQuality "1"]

1. e4 e5 2. Nc3 Nf6 3. g3 d5 4. exd5 Nxd5 5. Bg2 Nxc3 6. bxc3 Bd6 7. Ne2 0-0 8. 0-0 c6 9. d3 Bg4 10. Rb1 Qc7 11. h3 Be6 12. c4 Nd7 13. Be3 Rae8 14. Qd2 f5 15. f4 Kh8 16. Kh1 e4 17. Nd4 Bg8 18. Nb3 Be7 19. Rfe1 Bf6 20. dxe4 fxe4 21. Bc5 Nxc5 22. Nxc5 e3 23. Rxe3 Rd8 24. Qe2 Qa5 25. Ne6 Qxa2 26. Rxb7 Bxe6 27. Rxe6 Qa1+ 28. Kh2 Qc1 29. h4 a5 30. Rxf6 Rxf6 31. Rxg7 Qa3 32. Rg5 a4 33. c5 Qa1 34. Qe7 Rff8 35. Be4 Rd2+ 36. Kh3 Qf1+ 37. Kg4 Qe2+ 38. Kh3 Qf1+ 39. Kg4 Qe2+ 40. Kh3 Qf1+ 1/2-1/2

[Event "Malopolskie Bezirk-ch"]
[Site "Krakow"]
[Date "2007.04.29"]
[Round "1"]
[White "Caba, Tomasz"]
[Black "Kudas, Damian"]
[Result "1/2-1/2"]
[WhiteElo "2278"]
[BlackElo "1891"]
[PlyCount "53"]
[EventDate "2007.04.29"]
[EventType "swiss"]
[EventRounds "9"]
[EventCountry "POL"]
[SourceTitle "EXT 2011"]
[Source "ChessBase"]
[SourceDate "2010.11.26"]
[SourceVersion "1"]
[SourceVersionDate "2010.11.26"]
[SourceQuality "1"]

1. e4 c5 2. Nf3 d6 3. d4 cxd4 4. Nxd4 a6 5. Nc3 e5 6. Nf3 Nf6 7. Bc4 Be7 8. a4 0-0 9. 0-0 Be6 10. Bxe6 fxe6 11. Qe2 Nc6 12. Rd1 Rc8 13. a5 Nd7 14. Be3 Nxa5 15. Nd2 Nf6 16. Na4 Nc6 17. Nb6 Rb8 18. Ndc4 Qc7 19. c3 Rbd8 20. Bg5 Nxe4 21. Bxe7 Qxe7 22. Qxe4 d5 23. Nxd5 exd5 24. Rxd5 Qf7 25. Rxd8 Qxf2+ 26. Kh1 Rxd8 27. Nxe5 1/2-1/2

[Event "Krakow op 17th"]
[Site "Krakow"]
[Date "2007.01.03"]
[Round "8"]
[White "Caba, Tomasz"]
[Black "Rybak, Tomasz"]
[Result "1-0"]
[WhiteElo "2225"]
[BlackElo "2247"]
[PlyCount "139"]
[EventDate "2006.12.27"]
[EventType "swiss"]
[EventRounds "9"]
[EventCountry "POL"]
[SourceTitle "CBM 116 Extra"]
[Source "ChessBase"]
[SourceDate "2007.03.07"]
[SourceVersion "1"]
[SourceVersionDate "2007.03.07"]
[SourceQuality "1"]

1. c4 Nf6 2. g3 c5 3. Bg2 g6 4. Nf3 Bg7 5. Nc3 Nc6 6. 0-0 0-0 7. d3 Rb8 8. a3 a6 9. Rb1 b5 10. cxb5 axb5 11. b4 cxb4 12. axb4 d5 13. Bf4 Rb6 14. Ne5 Nxe5 15. Bxe5 d4 16. Na2 Bb7 17. Bxb7 Rxb7 18. Qb3 Nd5 19. Bxg7 Kxg7 20. Rbc1 Qd7 21. Rc5 e6 22. Qb2 Nb6 23. Qd2 Na4 24. Rc2 e5 25. Nc1 Nc3 26. Nb3 Qd5 27. Nc5 Ra7 28. e4 Qd6 29. f4 exf4 30. gxf4 f5 31. Qg2 Kg8 32. e5 Qd5 33. Re1 Rfa8 34. Qxd5+ Nxd5 35. Ne6 Nxb4 36. Rd2 Ra3 37. Nc7 Ra1 38. Rxa1 Rxa1+ 39. Kf2 Ra5 40. Ke2 Na2 41. Ne6 Nc3+ 42. Kf3 Ra4 43. Rc2 b4 44. Nxd4 Ra2 45. Rxa2 Nxa2 46. Ke3 Kf7 47. Kd2 Nc3 48. Kc2 Nd5 49. Ne2 h6 50. h4 Ne3+ 51. Kb3 Ng2 52. Kxb4 Nxh4 53. Kc5 Ke7 54. d4 g5 55. d5 Ng6 56. d6+ Kd7 57. fxg5 hxg5 58. Kd5 Nf8 59. Nd4 f4 60. e6+ Nxe6 61. Nxe6 f3 62. Nc5+ Kd8 63. Ne4 Kd7 64. Ke5 g4 65. Ng3 f2 66. Kd5 Kd8 67. Ke6 Ke8 68. Nf1 g3 69. Nxg3 Kd8 70. d7 1-0

[Event "Krakow op 17th"]
[Site "Krakow"]
[Date "2006.12.30"]
[Round "5"]
[White "Caba, Tomasz"]
[Black "Bulski, Krzysztof"]
[Result "1/2-1/2"]
[WhiteElo "2225"]
[BlackElo "2400"]
[PlyCount "42"]
[EventDate "2006.12.27"]
[EventType "swiss"]
[EventRounds "9"]
[EventCountry "POL"]
[SourceTitle "CBM 116 Extra"]
[Source "ChessBase"]
[SourceDate "2007.03.07"]
[SourceVersion "1"]
[SourceVersionDate "2007.03.07"]
[SourceQuality "1"]

1. e4 c5 2. Nf3 d6 3. d4 Nf6 4. Nc3 cxd4 5. Nxd4 a6 6. f4 e5 7. Nf3 Nbd7 8. Bc4 Be7 9. 0-0 0-0 10. a4 exf4 11. Bxf4 Qb6+ 12. Qd4 Qxd4+ 13. Nxd4 Ne5 14. Bb3 Bd8 15. Rad1 Bg4 16. Nf3 Bc7 17. Bg5 Ned7 18. Bf4 Ne5 19. Bg5 Ned7 20. Nd5 Nxd5 21. Bxd5 Rab8 1/2-1/2

[Event "POL-chT 2nd League"]
[Site "Lublin"]
[Date "2006.09.08"]
[Round "7.16"]
[White "Caba, Tomasz"]
[Black "Stachowiak, Kamil"]
[Result "0-1"]
[WhiteElo "2237"]
[BlackElo "2295"]
[PlyCount "60"]
[EventDate "2006.09.02"]
[EventType "team-swiss"]
[EventRounds "9"]
[EventCountry "POL"]
[SourceTitle "EXT 2019"]
[Source "ChessBase"]
[SourceDate "2018.10.10"]
[SourceVersion "1"]
[SourceVersionDate "2018.10.10"]
[SourceQuality "1"]
[WhiteTeam "Rolnik Roza"]
[BlackTeam "Wroclaw AZS WSB"]
[WhiteTeamCountry "POL"]
[BlackTeamCountry "POL"]

1. e4 c5 2. Nf3 e6 3. d4 cxd4 4. Nxd4 a6 5. Bd3 Nf6 6. 0-0 d6 7. Nc3 Be7 8. f4 Qc7 9. Kh1 Nc6 10. Nxc6 bxc6 11. Qe1 d5 12. f5 0-0 13. e5 Ng4 14. Qg3 exf5 15. Bxf5 h5 16. Bxc8 Raxc8 17. Bf4 g5 18. h3 gxf4 19. Rxf4 f5 20. hxg4 hxg4 21. Raf1 Bg5 22. R4f2 Qh7+ 23. Qh2 Rc7 24. Re2 Qg6 25. Qg3 Rh7+ 26. Kg1 Qh5 27. Qd3 f4 28. g3 Qh1+ 29. Kf2 fxg3+ 30. Kxg3 Qh3# 0-1

[Event "POL-chT 2nd League"]
[Site "Lublin"]
[Date "2006.09.07"]
[Round "6.21"]
[White "Caba, Tomasz"]
[Black "Zgadzaj, Rafal"]
[Result "1-0"]
[WhiteElo "2237"]
[BlackElo "2188"]
[PlyCount "63"]
[EventDate "2006.09.02"]
[EventType "team-swiss"]
[EventRounds "9"]
[EventCountry "POL"]
[SourceTitle "EXT 2019"]
[Source "ChessBase"]
[SourceDate "2018.10.10"]
[SourceVersion "1"]
[SourceVersionDate "2018.10.10"]
[SourceQuality "1"]
[WhiteTeam "Rolnik Roza"]
[BlackTeam "Chroscice Victoria"]
[WhiteTeamCountry "POL"]
[BlackTeamCountry "POL"]

1. e4 d6 2. d4 g6 3. Nc3 Bg7 4. f4 Nf6 5. Nf3 c5 6. dxc5 Qa5 7. Bd3 Qxc5 8. Qe2 Bg4 9. Be3 Qa5 10. 0-0 0-0 11. Qe1 Nc6 12. Kh1 Rac8 13. Nd2 Bd7 14. Nb3 Qd8 15. Qh4 a6 16. Rae1 Nb4 17. f5 Nxd3 18. cxd3 b5 19. Bh6 b4 20. Nd1 Bb5 21. Rf3 Bxh6 22. Qxh6 Ng4 23. Qh4 h5 24. Nf2 Nxf2+ 25. Qxf2 e5 26. Qg3 Kh7 27. d4 Qe7 28. f6 Qe6 29. Rf5 Rg8 30. Qh4 Rh8 31. d5 Qd7 32. Rxh5+ 1-0

[Event "POL-chT 2nd League"]
[Site "Wysowa"]
[Date "2005.09.01"]
[Round "6.33"]
[White "Caba, Tomasz"]
[Black "Borysiak, Boguslaw"]
[Result "1-0"]
[WhiteElo "2212"]
[BlackElo "2201"]
[PlyCount "59"]
[EventDate "2005.08.27"]
[EventType "team-swiss"]
[EventRounds "9"]
[EventCountry "POL"]
[SourceTitle "EXT 2019"]
[Source "ChessBase"]
[SourceDate "2018.10.10"]
[SourceVersion "1"]
[SourceVersionDate "2018.10.10"]
[SourceQuality "1"]
[WhiteTeam "Rolnik Roza"]
[BlackTeam "Milanowek UKS Jedwabnik"]
[WhiteTeamCountry "POL"]
[BlackTeamCountry "POL"]

1. e4 d5 2. exd5 Qxd5 3. Nc3 Qa5 4. d4 c6 5. Nf3 Bf5 6. Bc4 e6 7. Bd2 Qc7 8. Qe2 Nf6 9. Ne5 Nbd7 10. 0-0-0 Nxe5 11. dxe5 Nd7 12. g4 Bg6 13. f4 b5 14. Bb3 Nc5 15. Rhf1 Nxb3+ 16. axb3 h6 17. f5 Bh7 18. Bf4 a6 19. Ne4 Rd8 20. Kb1 Rd5 21. Bg3 Qc8 22. Bh4 h5 23. c4 hxg4 24. cxd5 cxd5 25. Nd6+ Bxd6 26. exd6 0-0 27. Be7 Re8 28. Rc1 Qa8 29. d7 Rb8 30. Qe5 1-0

[Event "POL-chT 2nd League"]
[Site "Wysowa"]
[Date "2005.08.30"]
[Round "4.27"]
[White "Krolikowski, Ryszard"]
[Black "Caba, Tomasz"]
[Result "0-1"]
[WhiteElo "2198"]
[BlackElo "2212"]
[PlyCount "82"]
[EventDate "2005.08.27"]
[EventType "team-swiss"]
[EventRounds "9"]
[EventCountry "POL"]
[SourceTitle "EXT 2019"]
[Source "ChessBase"]
[SourceDate "2018.10.10"]
[SourceVersion "1"]
[SourceVersionDate "2018.10.10"]
[SourceQuality "1"]
[WhiteTeam "Pultusk Nadnarwianka"]
[BlackTeam "Rolnik Roza"]
[WhiteTeamCountry "POL"]
[BlackTeamCountry "POL"]

1. e4 c5 2. Nf3 Nc6 3. Bb5 g6 4. Bxc6 bxc6 5. 0-0 Bg7 6. Re1 Nh6 7. d4 cxd4 8. Nxd4 d6 9. Bxh6 Bxh6 10. Nxc6 Qc7 11. Nb4 Rb8 12. Nd5 Qd8 13. Nd2 Rxb2 14. Nc4 Rb7 15. e5 dxe5 16. Nxe5 Be6 17. c4 0-0 18. Qf3 Qa5 19. Rad1 Qxa2 20. Re2 Qa6 21. Qe4 Re8 22. Nc6 Rd7 23. Ndxe7+ Rexe7 24. Nxe7+ Rxe7 25. Rd8+ Bf8 26. Qe5 Rd7 27. Rxd7 Bxd7 28. Qe4 Be6 29. h4 Qxc4 30. Qe3 Bc5 31. Qe5 Bd6 32. Qxd6 Qxe2 33. Qb8+ Kg7 34. Qxa7 Qe1+ 35. Kh2 Qe5+ 36. Kg1 h6 37. Qb6 Kh7 38. Qa7 Qe4 39. g3 Qf3 40. Kf1 Bg4 41. Qd4 Qh1# 0-1

[Event "POL-chT 2nd League"]
[Site "Wysowa"]
[Date "2005.08.29"]
[Round "3.27"]
[White "Caba, Tomasz"]
[Black "Zaskalski, Arkadiusz"]
[Result "0-1"]
[WhiteElo "2212"]
[BlackElo "2216"]
[PlyCount "44"]
[EventDate "2005.08.27"]
[EventType "team-swiss"]
[EventRounds "9"]
[EventCountry "POL"]
[SourceTitle "EXT 2019"]
[Source "ChessBase"]
[SourceDate "2018.10.10"]
[SourceVersion "1"]
[SourceVersionDate "2018.10.10"]
[SourceQuality "1"]
[WhiteTeam "Rolnik Roza"]
[BlackTeam "Krakow KKSz 1893"]
[WhiteTeamCountry "POL"]
[BlackTeamCountry "POL"]

1. e4 e5 2. Nf3 d6 3. d4 exd4 4. Nxd4 Nf6 5. Nc3 g6 6. f4 Nc6 7. Nxc6 bxc6 8. e5 Nd7 9. exd6 cxd6 10. Be3 Be7 11. Qd2 d5 12. 0-0-0 0-0 13. g4 Nb6 14. f5 c5 15. Bg2 d4 16. Bh6 Rb8 17. Ne4 Nc4 18. Qf4 Rxb2 19. Nd2 Qb6 20. Nb3 Qb4 21. Rde1 Qc3 22. Qf2 Rb1+ 0-1

[Event "Ostroda Warmia & Mazury op"]
[Site "Ostroda"]
[Date "2005.08.09"]
[Round "5"]
[White "Heberla, Bartlomiej"]
[Black "Caba, Tomasz"]
[Result "1-0"]
[WhiteElo "2447"]
[BlackElo "2212"]
[PlyCount "46"]
[EventDate "2005.08.06"]
[EventType "swiss"]
[EventRounds "9"]
[EventCountry "POL"]
[SourceTitle "CBM 107 Extra"]
[Source "ChessBase"]
[SourceDate "2005.09.01"]
[SourceVersion "1"]
[SourceVersionDate "2005.09.01"]
[SourceQuality "1"]

1. e4 c5 2. Nc3 Nc6 3. Bb5 Nd4 4. Bc4 e6 5. Nge2 a6 6. Nxd4 cxd4 7. Ne2 b5 8. Bb3 Nf6 9. d3 Bb4+ 10. Bd2 Bxd2+ 11. Qxd2 e5 12. Qg5 Qe7 13. f4 d6 14. fxe5 dxe5 15. 0-0 0-0 16. Ng3 h6 17. Qh4 Ra7 18. Nf5 Bxf5 19. Rxf5 Ne8 20. Qg3 a5 21. Raf1 Qb4 22. Qxe5 Nd6 23. a3 Raa8 1-0

[Event "Krakow op"]
[Site "Krakow"]
[Date "2005.01.03"]
[Round "8"]
[White "Godard, Maxence"]
[Black "Caba, Tomasz"]
[Result "1-0"]
[WhiteElo "2365"]
[BlackElo "2153"]
[PlyCount "113"]
[EventDate "2004.12.27"]
[EventType "swiss"]
[EventRounds "9"]
[EventCountry "POL"]
[SourceTitle "CBM 104 Extra"]
[Source "ChessBase"]
[SourceDate "2005.03.01"]
[SourceVersion "1"]
[SourceVersionDate "2005.03.01"]
[SourceQuality "1"]

1. d4 Nf6 2. Nf3 g6 3. c4 c5 4. Nc3 Bg7 5. e4 cxd4 6. Nxd4 Nc6 7. Be3 Ng4 8. Qxg4 Nxd4 9. Qd1 Ne6 10. Qd2 Qa5 11. Rc1 b6 12. b3 Bb7 13. Nd5 Qxd2+ 14. Bxd2 Rc8 15. Be2 Nd4 16. f3 e6 17. Nc3 f5 18. Bd3 0-0 19. Kf2 Be5 20. exf5 gxf5 21. f4 Bf6 22. Rhd1 Bh4+ 23. g3 Be7 24. Be3 Nc6 25. Be2 Rcd8 26. Nb5 e5 27. Bf3 e4 28. Be2 Rf6 29. Nc7 Rh6 30. Kg1 Bc5 31. Nd5 Kf7 32. h4 Ne7 33. Bxc5 bxc5 34. Ne3 Ke6 35. Kf2 d6 36. Rd2 Nc6 37. Nc2 Rg8 38. Rcd1 Ke7 39. Ne3 Bc8 40. h5 Nd4 41. Rxd4 cxd4 42. Rxd4 Be6 43. Rd5 Rf6 44. Ra5 Ra8 45. Bf1 Kd7 46. Bh3 Kc6 47. Bxf5 Bxf5 48. Nxf5 Re8 49. Ke3 Kb7 50. g4 Ref8 51. Rd5 Kc7 52. Rd1 Rxf5 53. gxf5 Rxf5 54. Rd5 Rf8 55. Rg5 Kc6 56. Rg7 h6 57. Rg6 1-0

[Event "Krakow op"]
[Site "Krakow"]
[Date "2005.01.02"]
[Round "6"]
[White "Caba, Tomasz"]
[Black "Filipenko, Alexander V"]
[Result "0-1"]
[WhiteElo "2153"]
[BlackElo "2388"]
[PlyCount "76"]
[EventDate "2004.12.27"]
[EventType "swiss"]
[EventRounds "9"]
[EventCountry "POL"]
[SourceTitle "CBM 104 Extra"]
[Source "ChessBase"]
[SourceDate "2005.03.01"]
[SourceVersion "1"]
[SourceVersionDate "2005.03.01"]
[SourceQuality "1"]

1. e4 c5 2. Nf3 Nc6 3. d4 cxd4 4. Nxd4 Nf6 5. Nc3 d6 6. f4 g6 7. Nxc6 bxc6 8. e5 Nd7 9. exd6 exd6 10. Be3 d5 11. Bd4 f6 12. Qf3 Bc5 13. 0-0-0 Bxd4 14. Rxd4 Rb8 15. Rd1 0-0 16. g4 Re8 17. Bd3 Qb6 18. Na4 Qb4 19. b3 Qa3+ 20. Kd2 Nb6 21. Nxb6 axb6 22. f5 gxf5 23. Qf4 Rb7 24. gxf5 Rg7 25. Rhg1 Qc5 26. Rxg7+ Kxg7 27. b4 Qe7 28. c3 Kh8 29. Rg1 c5 30. bxc5 bxc5 31. Bb5 Bd7 32. Bxd7 Qxd7 33. Rb1 Qa7 34. a4 d4 35. cxd4 Qa5+ 36. Kd3 c4+ 37. Kxc4 Qxa4+ 38. Kd3 Qa2 0-1

[Event "Krakow op"]
[Site "Krakow"]
[Date "2005.01.02"]
[Round "7"]
[White "Caba, Tomasz"]
[Black "Kuzmicz, Krystian"]
[Result "0-1"]
[WhiteElo "2153"]
[BlackElo "2371"]
[PlyCount "46"]
[EventDate "2004.12.27"]
[EventType "swiss"]
[EventRounds "9"]
[EventCountry "POL"]
[SourceTitle "CBM 104 Extra"]
[Source "ChessBase"]
[SourceDate "2005.03.01"]
[SourceVersion "1"]
[SourceVersionDate "2005.03.01"]
[SourceQuality "1"]

1. e4 g6 2. d4 Bg7 3. Nc3 c5 4. Nf3 cxd4 5. Nxd4 Nc6 6. Nb3 Nf6 7. Be2 0-0 8. 0-0 a5 9. a4 Nb4 10. f4 Qb6+ 11. Kh1 d6 12. Bf3 Be6 13. Nb5 Bc4 14. Re1 Bxb5 15. axb5 Qxb5 16. Be3 Nc6 17. c3 a4 18. Ra3 Na5 19. Nxa5 Rxa5 20. Qc2 Qc4 21. Bb6 Raa8 22. Rea1 Nd7 23. Rxa4 Nxb6 0-1

[Event "Krakow op"]
[Site "Krakow"]
[Date "2004.12.27"]
[Round "1"]
[White "Caba, Tomasz"]
[Black "Colin, Vincent"]
[Result "1-0"]
[WhiteElo "2153"]
[BlackElo "2396"]
[PlyCount "64"]
[EventDate "2004.12.27"]
[EventType "swiss"]
[EventRounds "9"]
[EventCountry "POL"]
[SourceTitle "CBM 104 Extra"]
[Source "ChessBase"]
[SourceDate "2005.03.01"]
[SourceVersion "1"]
[SourceVersionDate "2005.03.01"]
[SourceQuality "1"]

1. e4 e5 2. Nc3 Nc6 3. Bc4 Nf6 4. d3 Bc5 5. f4 d6 6. Nf3 Bg4 7. h3 Bxf3 8. Qxf3 Nd4 9. Qg3 Qe7 10. fxe5 Nh5 11. Qf2 0-0 12. Na4 b5 13. Nxc5 dxc5 14. Bb3 Nxb3 15. axb3 f5 16. exf6 Rxf6 17. Bg5 Rxf2 18. Bxe7 Rxc2 19. 0-0 c4 20. bxc4 bxc4 21. Rxa7 Re8 22. dxc4 Ng3 23. Rf3 Rc1+ 24. Kh2 Nf1+ 25. Rxf1 Rxf1 26. Bb4 Rf7 27. e5 h5 28. Bc3 h4 29. c5 Re6 30. Ra4 Rc6 31. Rxh4 Rxc5 32. Bd4 Rc2 1-0

[Event "POL-chT 2nd League"]
[Site "Polanica Zdroj"]
[Date "2004.09.10"]
[Round "9"]
[White "Caba, Tomasz"]
[Black "Majcher, Marcin"]
[Result "1-0"]
[WhiteElo "2138"]
[BlackElo "2044"]
[PlyCount "65"]
[EventDate "2004.09.04"]
[EventType "team-swiss"]
[EventRounds "11"]
[EventCountry "POL"]
[SourceTitle "CBM 102 Extra"]
[Source "ChessBase"]
[SourceDate "2004.11.03"]
[SourceVersion "1"]
[SourceVersionDate "2004.11.03"]
[SourceQuality "1"]
[WhiteTeam "Rolnik Roza"]
[BlackTeam "Jaworzno JKSz MCKiS II"]
[WhiteTeamCountry "POL"]
[BlackTeamCountry "POL"]

1. e4 c5 2. Nf3 e6 3. d4 cxd4 4. Nxd4 Nc6 5. Nc3 Qc7 6. Be2 a6 7. 0-0 Nf6 8. Be3 Be7 9. f4 d6 10. Nxc6 bxc6 11. Bd3 0-0 12. Qe1 Rb8 13. b3 e5 14. Ne2 Ng4 15. Bd2 d5 16. h3 dxe4 17. Bxe4 Nf6 18. Bd3 e4 19. Bc4 Bc5+ 20. Kh1 e3 21. Ba5 Qe7 22. Ng3 Ng4 23. Bc3 Nf2+ 24. Kh2 Qh4 25. Rxf2 exf2 26. Qe5 Qf6 27. Qxc5 Qxf4 28. Be5 Qg5 29. Bd6 Qxc5 30. Bxc5 Rd8 31. Rf1 Rd2 32. Bd3 Be6 33. Ne4 1-0

[Event "POL-chT 2nd League"]
[Site "Polanica Zdroj"]
[Date "2004.09.07"]
[Round "5"]
[White "Caba, Tomasz"]
[Black "Walkusz, Witoslaw"]
[Result "1/2-1/2"]
[WhiteElo "2138"]
[BlackElo "2257"]
[PlyCount "40"]
[EventDate "2004.09.04"]
[EventType "team-swiss"]
[EventRounds "11"]
[EventCountry "POL"]
[SourceTitle "CBM 102 Extra"]
[Source "ChessBase"]
[SourceDate "2004.11.03"]
[SourceVersion "1"]
[SourceVersionDate "2004.11.03"]
[SourceQuality "1"]
[WhiteTeam "Rolnik Roza"]
[BlackTeam "Gdynia Korsarz"]
[WhiteTeamCountry "POL"]
[BlackTeamCountry "POL"]

1. e4 e5 2. Nc3 Nc6 3. Bc4 Bc5 4. Qg4 Qf6 5. Nd5 Qxf2+ 6. Kd1 Nf6 7. Qxg7 Nxd5 8. exd5 Bf8 9. Qxh8 Qxg2 10. dxc6 d6 11. h3 Qxh1 12. Qg8 d5 13. Bb5 b6 14. d3 Bxh3 15. Bh6 Bg4+ 16. Qxg4 Bxh6 17. c3 a6 18. Bxa6 Qh2 19. Ne2 Qh1+ 20. Ng1 Qh2 1/2-1/2

[Event "POL-chT 2nd League"]
[Site "Polanica Zdroj"]
[Date "2004.09.06"]
[Round "3"]
[White "Caba, Tomasz"]
[Black "Rams, Michal"]
[Result "1/2-1/2"]
[WhiteElo "2138"]
[BlackElo "2175"]
[PlyCount "57"]
[EventDate "2004.09.04"]
[EventType "team-swiss"]
[EventRounds "11"]
[EventCountry "POL"]
[SourceTitle "CBM 102 Extra"]
[Source "ChessBase"]
[SourceDate "2004.11.03"]
[SourceVersion "1"]
[SourceVersionDate "2004.11.03"]
[SourceQuality "1"]
[WhiteTeam "Rolnik Roza"]
[BlackTeam "Warszawa YMCA"]
[WhiteTeamCountry "POL"]
[BlackTeamCountry "POL"]

1. e4 g6 2. d4 Bg7 3. Nc3 d6 4. f4 Nf6 5. Nf3 c5 6. dxc5 Qa5 7. Bd3 Qxc5 8. Qe2 Nc6 9. Be3 Qb4 10. 0-0 0-0 11. a3 Qa5 12. Kh1 Bg4 13. h3 Bxf3 14. Qxf3 Rac8 15. Rae1 e6 16. Nb5 d5 17. e5 Ne4 18. b4 Qa4 19. Bxe4 dxe4 20. Qe2 Ne7 21. Bc5 Nf5 22. Kh2 Rfd8 23. Nc3 Qc6 24. Nxe4 b6 25. Bg1 Qxc2 26. Qxc2 Rxc2 27. Rd1 Rxd1 28. Rxd1 Bh6 29. Ng5 1/2-1/2